000 00673nam a2200229 a 4500
001 13682
003 BD-JhCC
005 20240313205819.0
008 240313b 2013u a|||| ||a| 001 0 eng d
020 _a 9780691157733
035 _a(BD-JhCC)13682
040 _aBD-JhCC
_dBD-JhCC
041 _aeng
082 _a958.01
_b STA 2013
100 _a Starr,S. Frederick
245 _aLost enlightenment : Central Asia's golden age from the Arab conquest to Tamerlane /
_bS. Frederick Starr
260 _aLondon:
_bPrinceton University Press;
_c2013.
300 _a634 p. :
_bill
_c22 cm.
650 _aAsia, Central Civilization To 1500
942 _2ddc
_cBK
999 _c13682
_d13682